Malé dialogy pro klarinet, trubku a klavír /

Hlavní autor: Baier, Jiří, 1934-
Jazyk: Nelze použít, není lingvistický obsah
Vydáno: Praha : Panton, 1986
Vydání: 1. vyd.
Edice: Sóla a klavír
Fyzický popis: 14, 4, 4 s.
Hudebniny Hudebniny
Uloženo v:
LEADER 00760ncm a22002412a 4500
001 001193233
003 CZ BrMZK
005 20120220100549.0
007 qu
008 120207s1986 xr |||||||||||||||||zxx d
040 |a BOA001  |b cze 
072 7 |a 788  |x Hudba pro dechové nástroje  |2 Konspekt  |9 9 
100 1 |a Baier, Jiří,  |d 1934-  |7 jx20031217001  |4 cmp 
245 1 0 |a Malé dialogy  |h [hudebnina] :  |b pro klarinet, trubku a klavír /  |c Jiří Baier 
250 |a 1. vyd. 
260 |a Praha :  |b Panton,  |c 1986 
300 |a 14, 4, 4 s. 
490 1 |a Sóla a klavír ;  |v 19 
830 0 |a Sóla a klavír 
910 |a BOA001  |b Mus4-0918.733 
990 |a MU 
991 |b 201202 
996 6 |b 2619053905  |c Mus4-0918.733  |l MZK  |r Sklad / do 1 hodiny  |n 0  |w 001226814  |u 000010  |a 1  |e BOA001  |j MZK50  |s P